| 000 | 00528nam a2200181 a 4500 | ||
|---|---|---|---|
| 001 | 000039647 | ||
| 005 | 20201002033645.0 | ||
| 008 | 130715s2005 sp a 000 0 spa d | ||
| 020 | _a9788479278151 | ||
| 040 |
_aDO-SdBNP _bspa _cBNPHU |
||
| 082 |
_axxxxx _bxxxxx |
||
| 100 | 1 |
_aChandelle, René _965831 |
|
| 245 | 1 | 3 |
_aEl juego del código da vinci / _cRené Chandelle. |
| 260 |
_aBarcelona, : _bEdiciones Robinbook, _c2005. |
||
| 300 |
_a160 p. : _bil. ; _c18 cm. |
||
| 490 | 1 | _aCiencia oculta | |
| 830 | 0 |
_aCiencia oculta _965832 |
|
| 999 |
_c39137 _d39137 |
||